000 00512 a2200169 4500
040 _aULA-LD-MS
082 _b043.2/SIL/I 658.3/SIL/I
_m3
100 _91059
_aSILVA, Yara Isabel Magalhães da
245 _aA Importancia da seguranȧ, higiene e sad͠e no trabalho, na empresa Texeira Duarte
250 _a1ª Edição
260 _cLuanda 2023
300 _a101p.
600 0 _aSILVA, Yara Isabel Magalhães da
650 _aRecursos Humanos
700 _aYara Isabel Magalhães da Silva
942 _cTFC
999 _c2237
_d2237